Hikayat sang kancil & Sulaiman

Bibliographic Details
Main Author: Ilham Mazalan (Author)
Format: Book
Published: Petaling Jaya, Selangor : Biblio Lit! 2023
Subjects:

MARC

LEADER 00000cam a2200000 7i4500
001 0000093547
005 20240104143552.0
008 240104 may
020 |a 9789670040356 (  |q (paperback)) 
040 |e rda 
041 |a Malay 
090 0 0 |a ILH   |b MAL 
100 1 |a Ilham Mazalan ,   |e (author) 
245 1 0 |a Hikayat sang kancil & Sulaiman   |c Ilham Mazalan 
264 1 |a Petaling Jaya, Selangor :   |b Biblio Lit!   |c 2023 
300 |a 359 pages :   |b color illustrations ;   |c 20 cm. 
336 |a text  |2 rdacontent 
337 |a unmediated  |2 rdamedia 
338 |a volume  |2 rdacarrier 
541 |c Purchased on 2023   |f 5630 FCC   |h RM35.00 
650 0 |a Malay fiction 
730 0 |a Title 
999 |a 0001748970   |b Book   |c Adult Collection   |e Desa - PPAJ 
999 |a 0001748971   |b Book   |c Adult Collection   |e Desa - PPAJ 
999 |a 0001748972   |b Book   |c Adult Collection   |e Desa - PPAJ 
999 |a 0001748973   |b Book   |c Adult Collection   |e Desa - PPAJ 
999 |a 0001748974   |b Book   |c Adult Collection   |e Desa - PPAJ 
999 |a 0001748975   |b Book   |c Adult Collection   |e Desa - PPAJ 
999 |a 0001748976   |b Book   |c Adult Collection   |e Desa - PPAJ 
999 |a 0001748977   |b Book   |c Adult Collection   |e Desa - PPAJ 
999 |a 0001748978   |b Book   |c Adult Collection   |e Desa - PPAJ 
999 |a 0001748979   |b Book   |c Adult Collection   |e Desa - PPAJ 
999 |a 0001748980   |b Book   |c Adult Collection   |e Desa - PPAJ 
999 |a 0001748981   |b Book   |c Adult Collection   |e Desa - PPAJ 
999 |a 0001748982   |b Book   |c Adult Collection   |e Desa - PPAJ 
999 |a 0001748983   |b Book   |c Adult Collection   |e Desa - PPAJ 
999 |a 0001748984   |b Book   |c Adult Collection   |e Desa - PPAJ 
999 |a 0001748985   |b Book   |c Adult Collection   |e Desa - PPAJ 
999 |a 0001748986   |b Book   |c Adult Collection   |e Desa - PPAJ 
999 |a 0001748987   |b Book   |c Adult Collection   |e Desa - PPAJ 
999 |a 0001748988   |b Book   |c Adult Collection   |e Desa - PPAJ 
999 |a 0001748989   |b Book   |c Adult Collection   |e Desa - PPAJ 
999 |a 0001748990   |b Book   |c Adult Collection   |e Desa - PPAJ 
999 |a 0001748991   |b Book   |c Adult Collection   |e Desa - PPAJ 
999 |a 0001748992   |b Book   |c Adult Collection   |e Desa - PPAJ 
999 |a 0001748993   |b Book   |c Adult Collection   |e Desa - PPAJ 
999 |a 0001748994   |b Book   |c Adult Collection   |e Desa - PPAJ 
999 |a 0001748995   |b Book   |c Adult Collection   |e Desa - PPAJ 
999 |a 0001748996   |b Book   |c Adult Collection   |e Desa - PPAJ 
999 |a 0001748997   |b Book   |c Adult Collection   |e Desa - PPAJ 
999 |a 0001748998   |b Book   |c Adult Collection   |e Desa - PPAJ 
999 |a 0001748999   |b Book   |c Adult Collection   |e Desa - PPAJ 
999 |a 0001749000   |b Book   |c Adult Collection   |e Desa - PPAJ 
999 |a 0001749001   |b Book   |c Adult Collection   |e Desa - PPAJ 
999 |a 0001749002   |b Book   |c Adult Collection   |e Desa - PPAJ 
999 |a 0001749003   |b Book   |c Adult Collection   |e Desa - PPAJ 
999 |a 0001749004   |b Book   |c Adult Collection   |e Desa - PPAJ 
999 |a 0001749005   |b Book   |c Adult Collection   |e Desa - PPAJ 
999 |a 0001749006   |b Book   |c Adult Collection   |e Desa - PPAJ 
999 |a 0001749007   |b Book   |c Adult Collection   |e Desa - PPAJ 
999 |a 0001749008   |b Book   |c Adult Collection   |e Desa - PPAJ 
999 |a 0001749009   |b Book   |c Adult Collection   |e Desa - PPAJ 
999 |a 0001749010   |b Book   |c Adult Collection   |e Desa - PPAJ 
999 |a 0001751926   |b Book   |c Adult Collection   |e Perbadanan Perpustakaan Awam Johor 
999 |a 0001751927   |b Book   |c Adult Collection   |e Cawangan AEON Kulaijaya 
999 |a 0001751928   |b Book   |c Adult Collection   |e Cawangan Urban Transformation Centre 
999 |a 0001751929   |b Book   |c Adult Collection   |e Cawangan Mersing 
999 |a 0001751930   |b Book   |c Adult Collection   |e Perbadanan Perpustakaan Awam Johor 
999 |a 0001751931   |b Book   |c Adult Collection   |e Cawangan Muar 
999 |a 0001751932   |b Book   |c Adult Collection   |e Cawangan Batu Pahat 
999 |a 0001751933   |b Book   |c Adult Collection   |e Cawangan Bukit Gambir 
999 |a 0001751934   |b Book   |c Adult Collection   |e Cawangan Segamat 
999 |a 0001751935   |b Book   |c Adult Collection   |e Cawangan Bandar Tenggara 
999 |a 0001751936   |b Book   |c Adult Collection   |e Cawangan Bandar Penawar 
999 |a 0001751937   |b Book   |c Adult Collection   |e Cawangan Pontian 
999 |a 0001751938   |b Book   |c Adult Collection   |e Cawangan Taman Sri Lambak 
999 |a 0001751939   |b Book   |c Adult Collection   |e Cawangan Tmn. Ungku Tun Aminah 
999 |a 0001751940   |b Book   |c Adult Collection   |e Cawangan Tangkak 
999 |a 0001751941   |b Book   |c Adult Collection   |e Cawangan Kota Tinggi 
999 |a 0001751942   |b Book   |c Adult Collection   |e Cawangan Taman Universiti